000 00317 a2200145 4500
001 169694
020 _a
040 _cMagnum
100 _aPereira, Lusia Ribeiro
240 1 0 _aFazer pesquisa e um problema ?
_lpor
245 1 0 _aFazer pesquisa e um problema ?
362 0 _a1899
697 _aGERAL
942 _cBK
999 _c169694
_d169694